[Event "14th EUR-ch"]
[Site "Minsk BLR"]
[Date "2017.06.02"]
[Round "4.54"]
[White "Schreiner, Peter"]
[Black "Blubaum, Matthias"]
[Result "1/2-1/2"]
[WhiteElo "2483"]
[BlackElo "2632"]
[EventDate "2017.05.30"]
[PlyCount "31"]

1.Nf3 d5 2.g3 Bg4 3.Bg2 c6 4.h3 Bxf3 5.Bxf3 e6 6.d4 f5 7.c4 Nf6 8.g4 Bb4+ 
9.Nd2 Ne4 10.Qb3 Qa5 11.Bxe4 fxe4 12.f3 exf3 13.exf3 O-O 14.a3 Na6 15.Rb1 
Bxd2+ 16.Bxd2 1/2-1/2

[Event "14th EUR-ch"]
[Site "Minsk BLR"]
[Date "2017.06.02"]
[Round "4.55"]
[White "Khegay, Dmitriy"]
[Black "Yilmaz, Mustafa"]
[Result "0-1"]
[WhiteElo "2482"]
[BlackElo "2630"]
[EventDate "2017.05.30"]
[PlyCount "82"]

1.e4 c5 2.Nf3 e6 3.d4 cxd4 4.Nxd4 Nc6 5.Nc3 Qc7 6.Be3 a6 7.Qd2 Nf6 8.f3 b5
9.O-O-O Be7 10.g4 Nxd4 11.Qxd4 Bb7 12.g5 Nh5 13.Rg1 Rc8 14.Qb6 Qxb6 15.
Bxb6 h6 16.h4 Nf4 17.gxh6 g6 18.Be3 Nh5 19.Bh3 Bc5 20.Bxc5 Rxc5 21.Rg5 Rc7
22.Bg4 Nf4 23.e5 Rxh6 24.Rd4 Rc4 25.Rxc4 bxc4 26.Kd2 Rxh4 27.Ke3 Nh3 28.
Bxh3 Rxh3 29.Kd4 Rh2 30.Kxc4 Rxc2 31.b4 Bxf3 32.a4 Ke7 33.Rg3 Bc6 34.b5 
axb5+ 35.axb5 Ba8 36.Kc5 g5 37.Kd4 f6 38.exf6+ Kxf6 39.b6 Bc6 40.Kc4 Rb2 
41.Kc5 Kf5 0-1

[Event "14th EUR-ch"]
[Site "Minsk BLR"]
[Date "2017.06.02"]
[Round "4.56"]
[White "Andriasian, Zaven"]
[Black "Kobo, Ori"]
[Result "1/2-1/2"]
[WhiteElo "2622"]
[BlackElo "2476"]
[EventDate "2017.05.30"]
[PlyCount "296"]

1.e4 e6 2.d4 d5 3.Nc3 Nf6 4.e5 Nfd7 5.f4 c5 6.Nf3 Qb6 7.Na4 Qa5+ 8.c3 cxd4
9.b4 Qc7 10.Nxd4 a6 11.Bd2 Nc6 12.Bd3 b5 13.Nb2 Nxd4 14.cxd4 Nb6 15.Be2 
Be7 16.O-O O-O 17.Rf3 Bd7 18.Nd3 f5 19.exf6 Bxf6 20.Ne5 Be8 21.Bd3 Bxe5 
22.dxe5 Bg6 23.Bxg6 hxg6 24.Rg3 Nc4 25.Kh1 Qf7 26.Bc3 Qxf4 27.Rxg6 Ne3 28.
Qe2 d4 29.Bd2 Qf1+ 30.Rxf1 Rxf1+ 31.Qxf1 Nxf1 32.Bf4 d3 33.Rxe6 d2 34.Rd6 
Rc8 35.h4 Rc1 36.Bxd2 Nxd2+ 37.Kh2 Rc2 38.e6 Kf8 39.Rxa6 Nf3+ 40.Kh3 Nd4 
41.Rd6 Rc4 42.g4 Rxb4 43.h5 Ke8 44.Rb6 Nf3 45.Rb8+ Ke7 46.Rb7+ Kxe6 47.
Rxg7 Ra4 48.h6 Kf6 49.Rb7 Kg6 50.Rb6+ Kh7 51.Rxb5 Kxh6 52.Kg3 Nd4 53.Rd5 
Kg6 54.Kh4 Ne6 55.Re5 Ng7 56.Rb5 Rxa2 57.Rb6+ Kf7 58.Rb7+ Kg6 59.Rb6+ Kh7 
60.Kg5 Re2 61.Rh6+ Kg8 62.Ra6 Ne6+ 63.Kg6 Nf8+ 64.Kg5 Re7 65.Kf5 Kg7 66.
Kg5 Rb7 67.Ra5 Nh7+ 68.Kh5 Nf6+ 69.Kg5 Ne4+ 70.Kf4 Nd6 71.Kg5 Nf7+ 72.Kf5 
Rb1 73.Kf4 Rf1+ 74.Kg3 Rg1+ 75.Kf4 Rd1 76.Ra7 Kf6 77.Ra6+ Nd6 78.Kf3 Rd5 
79.Kf4 Ke6 80.Ra4 Rb5 81.Rd4 Rb1 82.Ra4 Rf1+ 83.Ke3 Nf7 84.Ra6+ Ke7 85.Ke4
Ng5+ 86.Ke5 Kf7 87.Ra7+ Kg6 88.Ra6+ Kg7 89.Rb6 Nf3+ 90.Kf4 Nd2+ 91.Kg3 
Ne4+ 92.Kg2 Rf4 93.Kh3 Nf6 94.Rb7+ Kg6 95.Rb6 Rd4 96.Ra6 Kg5 97.Ra5+ Nd5 
98.Ra3 Rc4 99.Rf3 Nf4+ 100.Kg3 Ne2+ 101.Kf2 Nd4 102.Rf8 Kxg4 103.Ke3 Nf5+ 
104.Kd3 Ra4 105.Rc8 Kf3 106.Rf8 Kf4 107.Kd2 Ke4 108.Re8+ Kd5 109.Rd8+ Nd6 
110.Kd3 Ra3+ 111.Kd2 Ke5 112.Ke2 Rh3 113.Rd7 Nc4 114.Re7+ Kd4 115.Rd7+ Ke4
116.Re7+ Ne5 117.Kd2 Kd4 118.Kc2 Rc3+ 119.Kd2 Nc4+ 120.Ke2 Rc2+ 121.Kf3 
Ne5+ 122.Kg3 Rc3+ 123.Kf2 Ke4 124.Re8 Rb3 125.Re6 Kf5 126.Re8 Ra3 127.Ke2 
Kf4 128.Kd2 Rd3+ 129.Kc2 Rd5 130.Kc3 Ke4 131.Kc2 Kd4 132.Kd2 Nc4+ 133.Ke2 
Nd6 134.Re7 Ne4 135.Re8 Nc3+ 136.Kd2 Kc4+ 137.Ke3 Rd3+ 138.Kf2 Kd4 139.
Rd8+ Nd5 140.Ke2 Re3+ 141.Kf2 Re6 142.Kf3 Rf6+ 143.Ke2 Rf7 144.Rd6 Ke5 
145.Rd8 Nf4+ 146.Ke3 Ne6 147.Re8 Rf8 148.Rxf8 Nxf8 1/2-1/2

[Event "14th EUR-ch"]
[Site "Minsk BLR"]
[Date "2017.06.02"]
[Round "4.57"]
[White "Girya, Olga"]
[Black "Popov, Ivan"]
[Result "1/2-1/2"]
[WhiteElo "2476"]
[BlackElo "2618"]
[EventDate "2017.05.30"]
[PlyCount "66"]

1.d4 Nf6 2.c4 e6 3.Nf3 d5 4.Nc3 dxc4 5.e4 Bb4 6.Bxc4 Nxe4 7.O-O Nxc3 8.
bxc3 Be7 9.Ne5 O-O 10.Qg4 Nc6 11.Rb1 f5 12.Nxc6 fxg4 13.Nxd8 Rxd8 14.Re1 
c5 15.Ba3 b6 16.dxc5 bxc5 17.Kf1 Rd6 18.Bxc5 Rc6 19.Bxe7 Rxc4 20.Re3 Bd7 
21.Bd6 Rd8 22.Be5 Bc6 23.Bd4 Bd5 24.Bxa7 Ra4 25.Bd4 Rxa2 26.Rg3 Rda8 27.h3
Ra1 28.Rxa1 Rxa1+ 29.Ke2 Rg1 30.hxg4 Rxg2 31.Rxg2 Bxg2 32.f3 g6 33.g5 Kf7 
1/2-1/2

[Event "14th EUR-ch"]
[Site "Minsk BLR"]
[Date "2017.06.02"]
[Round "4.58"]
[White "Saric, Ivan"]
[Black "Pahtz, Elisabeth"]
[Result "1-0"]
[WhiteElo "2618"]
[BlackElo "2474"]
[EventDate "2017.05.30"]
[PlyCount "55"]

1.e4 e6 2.d4 d5 3.Nc3 Bb4 4.e5 c5 5.a3 Bxc3+ 6.bxc3 Ne7 7.Qg4 cxd4 8.Qxg7 
Rg8 9.Qxh7 Qc7 10.Ne2 dxc3 11.f4 Nbc6 12.h4 d4 13.h5 b6 14.h6 Bb7 15.Qxg8+
Nxg8 16.h7 O-O-O 17.h8=Q d3 18.cxd3 Nge7 19.Qf6 Qd7 20.Rh8 Qxd3 21.Rxd8+ 
Kxd8 22.Qh8+ Kc7 23.Qh3 Qe4 24.Qe3 Qh7 25.Nxc3 Nf5 26.Qh3 Qg7 27.Be3 f6 
28.Bd3 1-0

[Event "14th EUR-ch"]
[Site "Minsk BLR"]
[Date "2017.06.02"]
[Round "4.59"]
[White "Banusz, Tamas"]
[Black "Klekowski, Maciej"]
[Result "1-0"]
[WhiteElo "2616"]
[BlackElo "2473"]
[EventDate "2017.05.30"]
[PlyCount "67"]

1.d4 Nf6 2.c4 e6 3.Nf3 b6 4.a3 Bb7 5.Nc3 d5 6.cxd5 Nxd5 7.Qc2 Be7 8.e4 
Nxc3 9.bxc3 c5 10.Bb5+ Bc6 11.Bd3 Nd7 12.O-O Qc7 13.Re1 e5 14.d5 Bb7 15.c4
O-O 16.Bb2 Rfe8 17.Bc3 Bf6 18.Nd2 Qd6 19.Nf1 g6 20.Ne3 h5 21.g3 Bg7 22.Qb2
Bh6 23.Ng2 Re7 24.Rf1 Rf8 25.Rae1 f5 26.exf5 gxf5 27.f3 Bg7 28.Nh4 e4 29.
fxe4 Ne5 30.Be2 Bc8 31.Nxf5 Bxf5 32.exf5 Qd7 33.Qc2 Qe8 34.d6 1-0

[Event "14th EUR-ch"]
[Site "Minsk BLR"]
[Date "2017.06.02"]
[Round "4.60"]
[White "Kantans, Toms"]
[Black "Tomczak, Jacek"]
[Result "1-0"]
[WhiteElo "2473"]
[BlackElo "2615"]
[EventDate "2017.05.30"]
[PlyCount "77"]

1.e4 e6 2.d4 d5 3.Nd2 a6 4.Ngf3 Nf6 5.Bd3 c5 6.e5 Nfd7 7.c3 Nc6 8.O-O b5 
9.Re1 Qb6 10.a3 Bb7 11.Ng5 cxd4 12.cxd4 Be7 13.Nb3 a5 14.Qh5 g6 15.Qh6 Bf8
16.Qh3 Nd8 17.Be3 Rc8 18.Rac1 Rc4 19.Bxc4 bxc4 20.Nc5 h6 21.Nxf7 Nxf7 22.
Nxb7 Qxb7 23.Qxe6+ Be7 24.Qxg6 Nf8 25.Qh5 Rg8 26.f4 Qxb2 27.Re2 Qxa3 28.e6
Nxe6 29.Qxd5 Ned8 30.Qxc4 Rg6 31.f5 Rc6 32.Qb5 Qb4 33.Qd3 Rxc1+ 34.Bxc1 
Kf8 35.f6 Bd6 36.Bd2 Qb6 37.Kf1 Bb4 38.Qg6 Ne6 39.d5 1-0

[Event "14th EUR-ch"]
[Site "Minsk BLR"]
[Date "2017.06.02"]
[Round "4.61"]
[White "Erdos, Viktor"]
[Black "Harutjunyan, Gevorg"]
[Result "1-0"]
[WhiteElo "2614"]
[BlackElo "2472"]
[EventDate "2017.05.30"]
[PlyCount "115"]

1.d4 Nf6 2.c4 g6 3.g3 Bg7 4.Bg2 d6 5.Nc3 O-O 6.Nf3 Nbd7 7.O-O e5 8.Qc2 c6 
9.Rd1 Qe7 10.b3 exd4 11.Nxd4 a6 12.e4 Rb8 13.Rb1 Re8 14.Bf4 Ne5 15.h3 h6 
16.a4 Qc7 17.Be3 Ned7 18.Nde2 b5 19.axb5 axb5 20.cxb5 cxb5 21.Qd3 Nc5 22.
Qxd6 Qxd6 23.Rxd6 Nfd7 24.b4 Na4 25.Nd5 Nb2 26.Rc6 Nc4 27.Bf4 Bb7 28.Rc7 
Nde5 29.Nec3 g5 30.Bxe5 Bxe5 31.Rc5 Bd4 32.Rc7 Be5 33.Rc5 Bd4 34.Rc7 Be5 
35.Re7 Bxd5 36.Nxd5 Kf8 37.Rd7 Nb6 38.Nxb6 Rxb6 39.Bf1 Rd6 40.Bxb5 Rb8 41.
Ba4 Rxd7 42.Bxd7 Rd8 43.Rd1 Ke7 44.Bg4 Rd4 45.Rxd4 Bxd4 46.Kg2 Kf6 47.f4 
Kg6 48.Kf3 gxf4 49.gxf4 Bb6 50.Bd7 Bc7 51.b5 Bb6 52.e5 f5 53.h4 h5 54.Be8+
Kh6 55.Bf7 Bd8 56.Kg3 Bb6 57.e6 Bc5 58.b6 1-0

[Event "14th EUR-ch"]
[Site "Minsk BLR"]
[Date "2017.06.02"]
[Round "4.62"]
[White "Neverov, Valeriy"]
[Black "Alekseev, Evgeny"]
[Result "0-1"]
[WhiteElo "2472"]
[BlackElo "2610"]
[EventDate "2017.05.30"]
[PlyCount "120"]

1.d4 e6 2.Nf3 c5 3.g3 Nf6 4.Bg2 cxd4 5.Nxd4 a6 6.c4 Qc7 7.b3 Bb4+ 8.Bd2 
Be7 9.Nc3 Nc6 10.e3 b6 11.Rc1 Ba3 12.Rc2 Bb7 13.O-O O-O 14.Nd5 exd5 15.
cxd5 Nxd5 16.Bxd5 Qd6 17.Bg2 Nxd4 18.Bxb7 Nxc2 19.Bxa8 Rxa8 20.Qxc2 Qc6 
21.Qd3 a5 22.Bc3 Rc8 23.Bd4 b5 24.Qf5 h6 25.Re1 Bb4 26.Qg4 Bf8 27.h4 a4 
28.bxa4 bxa4 29.Rb1 a3 30.Qe2 Qe4 31.Rd1 Rc2 32.Rd2 Rc1+ 33.Rd1 Qc2 34.
Qxc2 Rxc2 35.Ra1 f6 36.h5 Kf7 37.Kg2 Ke6 38.Kf3 Bd6 39.g4 Be5 40.Bxe5 fxe5
41.e4 Kf6 42.Rd1 Ke6 43.Ra1 d5 44.exd5+ Kxd5 45.Rd1+ Kc6 46.Ra1 Kc5 47.Re1
Kd4 48.Re4+ Kd5 49.Ra4 Rxa2 50.Ra5+ Kc6 51.Rxe5 Rc2 52.Ra5 a2 53.Ke3 Kb6 
54.Ra8 Kb5 55.f4 Kb4 56.Ke4 Rc4+ 57.Kd3 Rc3+ 58.Kd4 Ra3 59.Rb8+ Ka4 60.Kc4
Rc3+ 0-1

[Event "14th EUR-ch"]
[Site "Minsk BLR"]
[Date "2017.06.02"]
[Round "4.63"]
[White "Mista, Aleksander"]
[Black "Nguyen Thai Dai Van"]
[Result "1/2-1/2"]
[WhiteElo "2606"]
[BlackElo "2461"]
[EventDate "2017.05.30"]
[PlyCount "73"]

1.e4 e6 2.d4 d5 3.Nd2 c5 4.exd5 Qxd5 5.Ngf3 cxd4 6.Bc4 Qd6 7.O-O Nf6 8.Nb3
Nc6 9.Nbxd4 Nxd4 10.Nxd4 a6 11.Re1 Qc7 12.Bf1 Bd6 13.Nf5 Bxh2+ 14.Kh1 Kf8 
15.Qd4 exf5 16.Qxf6 h5 17.Qd4 Bd6 18.Rd1 Be7 19.Bf4 Qc6 20.Be2 Bf6 21.Qb4+
Kg8 22.Rd6 Qxc2 23.Bc4 Be7 24.Rc1 Qe4 25.Re1 Bxd6 26.Bxd6 Qh4+ 27.Kg1 Kh7 
28.Be7 Qg4 29.Bxf7 Qxb4 30.Bxb4 Bd7 31.Re7 Rhd8 32.Ba5 Bc6 33.Bxd8 Rxd8 
34.Bxh5 Rd2 35.Re2 Rxe2 36.Bxe2 f4 37.Bd3+ 1/2-1/2

[Event "14th EUR-ch"]
[Site "Minsk BLR"]
[Date "2017.06.02"]
[Round "4.64"]
[White "Goryachkina, Aleksandra"]
[Black "Rozum, Ivan"]
[Result "1/2-1/2"]
[WhiteElo "2470"]
[BlackElo "2606"]
[EventDate "2017.05.30"]
[PlyCount "139"]

1.d4 Nf6 2.c4 e6 3.Nc3 Bb4 4.f3 O-O 5.a3 Bxc3+ 6.bxc3 Nh5 7.Nh3 f5 8.e4 
fxe4 9.Bg5 Qe8 10.fxe4 e5 11.Be2 Nf6 12.O-O d6 13.Bxf6 gxf6 14.Bg4 Nc6 15.
Nf2 Qg6 16.h3 Kh8 17.Bxc8 Raxc8 18.Ra2 f5 19.exf5 Qxf5 20.Re2 Rce8 21.Ree1
exd4 22.Rxe8 Rxe8 23.Ng4 Qe6 24.Nf6 Rf8 25.Nd5 Rxf1+ 26.Qxf1 dxc3 27.Nxc3 
Ne7 28.Nd5 Nxd5 29.cxd5 Qe3+ 30.Kh1 Qe7 31.Qb5 b6 32.Qa6 Kg7 33.Qxa7 Kf6 
34.Qa8 Ke5 35.Qc6 Kd4 36.a4 h5 37.Qc2 h4 38.Qd2+ Kc4 39.a5 bxa5 40.Qxa5 
Kd3 41.Qb5+ Kd4 42.Qa5 Qh7 43.Kh2 Ke5 44.Qd2 Qe4 45.Qc3+ Kxd5 46.Qxc7 Qe5+
47.Kh1 Qe1+ 48.Kh2 Qg3+ 49.Kh1 Ke5 50.Qe7+ Kd4 51.Qf6+ Kc5 52.Qe7 Kd4 53.
Qf6+ Kd3 54.Qf5+ Ke3 55.Qe6+ Qe5 56.Qb3+ Ke4 57.Qf3+ Kd4 58.Qf2+ Kc3 59.
Qxh4 d5 60.Qa4 Qe1+ 61.Kh2 Qe5+ 62.Kh1 d4 63.Qa1+ Kc2 64.h4 Qd5 65.Qa4+ 
Kd2 66.Qb4+ Kc2 67.Qa4+ Kc3 68.Qa1+ Kc2 69.Qa4+ Kd2 70.Qb4+ 1/2-1/2

[Event "14th EUR-ch"]
[Site "Minsk BLR"]
[Date "2017.06.02"]
[Round "4.65"]
[White "Karttunen, Mika"]
[Black "Mchedlishvili, Mikheil"]
[Result "1/2-1/2"]
[WhiteElo "2465"]
[BlackElo "2605"]
[EventDate "2017.05.30"]
[PlyCount "55"]

1.c4 Nf6 2.Nc3 d5 3.cxd5 Nxd5 4.Nf3 g6 5.h4 Bg7 6.e4 Nxc3 7.dxc3 Qxd1+ 8.
Kxd1 Nd7 9.h5 Nc5 10.h6 Bf8 11.e5 Bg4 12.Be2 f6 13.Be3 Nd7 14.Rh4 Nxe5 15.
Nxe5 Bxe2+ 16.Kxe2 fxe5 17.Re4 e6 18.Rxe5 Kf7 19.Rd1 Bd6 20.Re4 Rhe8 21.
Bg5 b5 22.Rd3 Rab8 23.Rf3+ Kg8 24.Kd3 a6 25.Rfe3 Kf7 26.Rf3+ Kg8 27.Rfe3 
Kf7 28.Rf3+ 1/2-1/2

[Event "14th EUR-ch"]
[Site "Minsk BLR"]
[Date "2017.06.02"]
[Round "4.66"]
[White "Costachi, Mihnea"]
[Black "Vocaturo, Daniele"]
[Result "1-0"]
[WhiteElo "2460"]
[BlackElo "2604"]
[EventDate "2017.05.30"]
[PlyCount "115"]

1.d4 Nf6 2.c4 e6 3.Nf3 d5 4.Nc3 Bb4 5.Qa4+ Nc6 6.e3 O-O 7.Qc2 Bd6 8.Be2 
dxc4 9.Bxc4 a6 10.O-O b5 11.Be2 Bb7 12.e4 e5 13.dxe5 Nxe5 14.Bg5 h6 15.Bh4
Ng6 16.Bg3 Re8 17.Bd3 Bxg3 18.hxg3 b4 19.Na4 Bxe4 20.Bxe4 Nxe4 21.Rac1 Qd5
22.b3 c5 23.Nb6 Qb7 24.Nxa8 Rxa8 25.Nd2 Nc3 26.Nb1 Nxb1 27.Qxb1 Rc8 28.
Rfd1 Nf8 29.Qf5 Ne6 30.Qe5 a5 31.f4 a4 32.f5 Ng5 33.Rc4 axb3 34.axb3 Qf3 
35.Qxg7+ Kxg7 36.gxf3 Nxf3+ 37.Kg2 Ne5 38.Re4 f6 39.Rc1 Rc6 40.Rh4 Rc7 41.
Rxb4 c4 42.Rc3 h5 43.Rb6 Rc5 44.bxc4 Rxc4 45.Rxc4 Nxc4 46.Re6 Ne5 47.Kh3 
Nf3 48.Rd6 Kf7 49.Rd7+ Kf8 50.Rd3 Ne5 51.Rd8+ Kg7 52.Kh4 Nf7 53.Ra8 Nd6 
54.Ra7+ Kh6 55.Ra5 Ne4 56.Ra6 Kg7 57.Ra7+ Kh6 58.Rf7 1-0

[Event "14th EUR-ch"]
[Site "Minsk BLR"]
[Date "2017.06.02"]
[Round "4.67"]
[White "Galliamova, Alisa"]
[Black "Pashikian, Arman"]
[Result "0-1"]
[WhiteElo "2456"]
[BlackElo "2603"]
[EventDate "2017.05.30"]
[PlyCount "126"]

1.d4 Nf6 2.c4 e6 3.Nc3 Bb4 4.e3 O-O 5.Bd3 d5 6.Ne2 dxc4 7.Bxc4 Be7 8.e4 c5
9.O-O Nc6 10.dxc5 Bxc5 11.Bg5 h6 12.Bh4 Ne5 13.Bb3 b6 14.Qxd8 Rxd8 15.Rad1
Ba6 16.Bg3 Nd3 17.Rd2 Nh5 18.Rfd1 Nxg3 19.Nxg3 Be7 20.Nf1 Rac8 21.Na4 b5 
22.Nb6 axb6 23.Rxd3 Rxd3 24.Rxd3 b4 25.Rd2 Rc1 26.Rd1 Rxd1 27.Bxd1 Bd3 28.
Ng3 Bb1 29.b3 Bg5 30.f3 Kf8 31.Kf2 Ke7 32.Ne2 Kd6 33.f4 Bd8 34.Ke3 e5 35.
f5 Bg5+ 36.Kf3 Kc5 37.g3 h5 38.h4 Bh6 39.f6 g6 40.g4 hxg4+ 41.Kxg4 Bxe4 
42.Ng3 Bb1 43.h5 Kd5 44.hxg6 fxg6 45.Kf3 e4+ 46.Kg4 Ke6 47.Ne2 Be3 48.Kg3 
Kxf6 49.Kg4 Ke5 50.Kg3 g5 51.Kg2 Bf4 52.Kf2 g4 53.Kg1 g3 54.Kg2 e3 55.Nc1 
Kd4 56.Bf3 Bd6 57.Kf1 Kc3 58.Ke2 Bc5 59.Bd5 Bg6 60.Ke1 Kb2 61.Ne2 Kxa2 62.
Nxg3 Bc2 63.Ne2 Kb2 0-1

[Event "14th EUR-ch"]
[Site "Minsk BLR"]
[Date "2017.06.02"]
[Round "4.68"]
[White "Baghdasarian, Vahe"]
[Black "Neiksans, Arturs"]
[Result "1/2-1/2"]
[WhiteElo "2449"]
[BlackElo "2599"]
[EventDate "2017.05.30"]
[PlyCount "161"]

1.e4 e5 2.Bc4 Nf6 3.d3 Nc6 4.Nf3 Bc5 5.O-O a6 6.c3 Ba7 7.Nbd2 O-O 8.h3 d6 
9.Bb3 Nh5 10.Nh2 Nf4 11.Ndf3 Qf6 12.Ng4 Qg6 13.Bxf4 exf4 14.d4 Bxg4 15.
hxg4 Qxg4 16.Bd5 Nd8 17.b4 c6 18.Bb3 Ne6 19.Qd2 Rae8 20.Rfe1 h6 21.a4 Kh8 
22.b5 c5 23.Bc4 cxd4 24.cxd4 axb5 25.Bxb5 Rd8 26.Rad1 d5 27.e5 g6 28.Qa5 
Ra8 29.Qb4 Ng5 30.Be2 Qd7 31.Qd2 Ne6 32.Rb1 Qxa4 33.Bb5 Qa3 34.Bd7 Qe7 35.
Rxb7 Nd8 36.Qb4 Qxb4 37.Rxb4 Rb8 38.Rxb8 Bxb8 39.Rb1 Ne6 40.Bxe6 fxe6 41.
Nh4 Rg8 42.Nxg6+ Rxg6 43.Rxb8+ Kg7 44.Rb7+ Kf8 45.Kh2 Rg7 46.Rb8+ Kf7 47.
Kh3 Rg5 48.Rb7+ Kf8 49.Rb3 Kf7 50.Rb7+ Kf8 51.Ra7 Kg8 52.Re7 Rg6 53.Ra7 
Rg5 54.Re7 Rg6 55.Kh4 Kf8 56.Kh5 Rxg2 57.Rxe6 Rxf2 58.Kg4 h5+ 59.Kxh5 f3 
60.Rd6 Rd2 61.Rf6+ Ke7 62.Kg4 f2 63.Kg3 Rxd4 64.Kxf2 Re4 65.Rf3 d4 66.Rd3 
Ke6 67.Rd2 Kxe5 68.Re2 d3 69.Ra2 Kf4 70.Rd2 Re3 71.Ra2 Rf3+ 72.Ke1 Ke3 73.
Re2+ Kd4 74.Ra2 Ke3 75.Re2+ Kd4 76.Ra2 Re3+ 77.Kd1 Re5 78.Ra8 Ke3 79.Rh8 
Rb5 80.Re8+ Kd4 81.Rd8+ 1/2-1/2

[Event "14th EUR-ch"]
[Site "Minsk BLR"]
[Date "2017.06.02"]
[Round "4.69"]
[White "Erdogdu, Mert"]
[Black "Fedorov, Alexei"]
[Result "0-1"]
[WhiteElo "2448"]
[BlackElo "2598"]
[EventDate "2017.05.30"]
[PlyCount "80"]

1.e4 c5 2.Nf3 e6 3.d4 cxd4 4.Nxd4 a6 5.c4 Nf6 6.Nc3 Qc7 7.a3 b6 8.Be3 Bb7 
9.f3 d6 10.Be2 Be7 11.O-O O-O 12.Rc1 Nbd7 13.Qd2 Rfc8 14.Rc2 Qd8 15.Rb1 
Rab8 16.b4 Ba8 17.Bf1 Ne5 18.Na4 Qe8 19.b5 Bd8 20.Nb2 a5 21.Na4 Bc7 22.Rd1
Nfd7 23.Nb3 g6 24.Bd4 f5 25.exf5 gxf5 26.f4 Ng4 27.Ba1 Ndf6 28.h3 Ne4 29.
Qd4 Ngf6 30.Nd2 Qg6 31.Nxe4 Nxe4 32.g4 fxg4 33.Rg2 e5 34.fxe5 dxe5 35.Qd7 
Nf6 36.Qe6+ Kh8 37.Bd3 Qg5 38.Rf2 gxh3+ 39.Kf1 Bg2+ 40.Ke2 Ng4 0-1

[Event "14th EUR-ch"]
[Site "Minsk BLR"]
[Date "2017.06.02"]
[Round "4.70"]
[White "Lopez Martinez, Josep Manuel"]
[Black "Mikaelyan, Arman"]
[Result "0-1"]
[WhiteElo "2597"]
[BlackElo "2444"]
[EventDate "2017.05.30"]
[PlyCount "88"]

1.e4 e5 2.Nf3 Nc6 3.d4 exd4 4.Nxd4 Bc5 5.Be3 Qf6 6.c3 Nge7 7.Bb5 O-O 8.O-O
Bxd4 9.cxd4 d5 10.f3 dxe4 11.fxe4 Qg6 12.Nc3 Bg4 13.Qe1 a6 14.Ba4 b5 15.
Bc2 b4 16.Ne2 Rad8 17.Nf4 Qd6 18.d5 Ne5 19.Qf2 Rb8 20.Bc5 Qd8 21.Qg3 Re8 
22.Bb3 Kh8 23.h3 Bd7 24.Rad1 f6 25.Kh1 Rb5 26.Rc1 N7g6 27.Ne2 Nf7 28.Nd4 
Ng5 29.Nxb5 Bxb5 30.Rfe1 Nxe4 31.Qe3 f5 32.Bd4 f4 33.Qxe4 Rxe4 34.Rxe4 h6 
35.Re6 Bd3 36.Rec6 f3 37.Rxc7 Ne7 38.gxf3 Qf8 39.Kg2 Be2 40.f4 Qxf4 41.Bf2
Qg5+ 42.Kh2 Bf3 43.Rc8+ Nxc8 44.Rxc8+ Kh7 0-1

[Event "14th EUR-ch"]
[Site "Minsk BLR"]
[Date "2017.06.02"]
[Round "4.71"]
[White "Beliavsky, Alexander"]
[Black "Kjartansson, Gudmundur"]
[Result "1-0"]
[WhiteElo "2589"]
[BlackElo "2437"]
[EventDate "2017.05.30"]
[PlyCount "121"]

1.d4 d5 2.c4 c6 3.Nf3 Nf6 4.e3 Bg4 5.Nc3 e6 6.h3 Bf5 7.g4 Bg6 8.Nh4 Nbd7 
9.Qb3 Qb6 10.Nxg6 hxg6 11.Bg2 Bd6 12.c5 Qxb3 13.axb3 Be7 14.b4 b5 15.g5 
Nh7 16.h4 f5 17.Ne2 Bd8 18.Bd2 Bc7 19.Bc3 a6 20.f3 Kf7 21.e4 Ra7 22.Kf2 
Rha8 23.Ra3 Nhf8 24.e5 Nh7 25.Nf4 Ndf8 26.Rha1 Bd8 27.Bf1 Bc7 28.Bd3 Bd8 
29.Bd2 Kg8 30.Ke2 Kf7 31.Rh1 Bc7 32.Raa1 a5 33.Rag1 axb4 34.h5 Ra2 35.
hxg6+ Nxg6 36.Rxh7 Nxf4+ 37.Bxf4 Rxb2+ 38.Ke3 Kg6 39.Rh6+ gxh6 40.gxh6+ 
Kh5 41.Rg5+ Kh4 42.Rg1 Kh5 43.h7 Rh8 44.Rh1+ Kg6 45.Rh6+ Kg7 46.Rxe6 Rxh7 
47.Rxc6 Bd8 48.e6 Rh1 49.Be5+ Bf6 50.Kf4 Rh4+ 51.Kxf5 Rh5+ 52.Kf4 Bxe5+ 
53.dxe5 Rbh2 54.Rc7+ Kg8 55.Bf5 R2h4+ 56.Bg4 Kf8 57.c6 Rh7 58.Rd7 Rxd7 59.
exd7 Ke7 60.e6 Kd8 61.Ke5 1-0

[Event "14th EUR-ch"]
[Site "Minsk BLR"]
[Date "2017.06.02"]
[Round "4.72"]
[White "Postny, Evgeny"]
[Black "Kessler, Luca"]
[Result "1/2-1/2"]
[WhiteElo "2588"]
[BlackElo "2431"]
[EventDate "2017.05.30"]
[PlyCount "125"]

1.d4 Nf6 2.c4 g6 3.Nc3 Bg7 4.e4 d6 5.h3 O-O 6.Be3 e5 7.d5 a5 8.g4 Na6 9.
Nf3 Nd7 10.Rg1 Ndc5 11.a3 Bd7 12.Nd2 c6 13.b3 Qb8 14.g5 Rc8 15.Rb1 Nc7 16.
b4 axb4 17.axb4 cxd5 18.exd5 Na4 19.Nce4 b5 20.Qf3 bxc4 21.Bxc4 Ne8 22.h4 
Bf5 23.Qe2 Nb2 24.Bb5 Nc7 25.f3 Nxd5 26.Rxb2 Rc1+ 27.Kf2 Rxg1 28.Kxg1 Nxe3
29.Qxe3 Qxb5 30.Nxd6 Qc6 31.N2e4 Ra1+ 32.Kh2 Qa4 33.Nxf5 Ra2 34.Nh6+ Bxh6 
35.Nf6+ Kh8 36.Qxe5 Rxb2+ 37.Qxb2 Bf8 38.Nh5+ Kg8 39.Nf6+ Kh8 40.Ne4+ Bg7 
41.Qd2 Be5+ 42.Kg2 Kg7 43.f4 Ba1 44.Ng3 Qc6+ 45.Kh2 Qc4 46.h5 h6 47.gxh6+ 
Kxh6 48.hxg6 Kxg6 49.Qd6+ Kh7 50.Kh3 Bc3 51.Qc5 Qxb4 52.Qf5+ Kg8 53.Qc8+ 
Kh7 54.Qf5+ Kg8 55.Ne4 Bg7 56.Ng5 Qc4 57.Kh4 Qa2 58.Qc8+ Bf8 59.Qb7 Qc4 
60.Ne4 Qe6 61.Kg3 Bh6 62.Qb8+ Kh7 63.Qe5 1/2-1/2

[Event "14th EUR-ch"]
[Site "Minsk BLR"]
[Date "2017.06.02"]
[Round "4.73"]
[White "Asadli, Vugar"]
[Black "Alexeenko, Kirill"]
[Result "1/2-1/2"]
[WhiteElo "2439"]
[BlackElo "2585"]
[EventDate "2017.05.30"]
[PlyCount "94"]

1.Nf3 Nf6 2.g3 d5 3.Bg2 Bf5 4.O-O c6 5.d3 e6 6.Nbd2 h6 7.Qe1 Be7 8.e4 Bh7 
9.Ne5 Nfd7 10.Nxd7 Nxd7 11.f4 O-O 12.g4 a5 13.f5 exf5 14.gxf5 Re8 15.Kh1 
Bf6 16.Qf2 Qc7 17.d4 dxe4 18.Nxe4 Be7 19.Bf4 Qb6 20.Qg3 Bxf5 21.Bxh6 Bg6 
22.Rxf7 Kxf7 23.Rf1+ Nf6 24.Ng5+ Kg8 25.Ne6 Bf8 26.Rxf6 Rxe6 27.Rxe6 Bf7 
28.Re7 Qxb2 29.h3 Qxd4 30.Rxb7 Bd6 31.Qxg7+ Qxg7 32.Bxg7 Kxg7 33.Bxc6 Rb8 
34.Ra7 Rb1+ 35.Kg2 Rg1+ 36.Kf3 Rg3+ 37.Ke4 Rg5 38.Rd7 Bg3 39.Bd5 Re5+ 40.
Kd4 Rf5 41.Rxf7+ Rxf7 42.Bxf7 Kxf7 43.Kc5 Ke7 44.a4 Kd7 45.Kb6 Bc7+ 46.Kb5
Bd8 47.c4 Kd6 1/2-1/2

[Event "14th EUR-ch"]
[Site "Minsk BLR"]
[Date "2017.06.02"]
[Round "4.74"]
[White "Svane, Rasmus"]
[Black "Korchmar, Vasiliy"]
[Result "1/2-1/2"]
[WhiteElo "2573"]
[BlackElo "2422"]
[EventDate "2017.05.30"]
[PlyCount "81"]

1.Nf3 d5 2.d4 Nf6 3.c4 e6 4.Nc3 Bb4 5.Bg5 dxc4 6.e4 h6 7.Bxf6 Qxf6 8.Bxc4 
c5 9.e5 Qd8 10.O-O cxd4 11.Ne4 O-O 12.Qe2 Nc6 13.Ng3 f5 14.exf6 Qxf6 15.
Rad1 Kh8 16.Nh5 Qg6 17.Nxd4 e5 18.Nxc6 bxc6 19.Bd3 Bg4 20.f3 e4 21.Bxe4 
Qxh5 22.fxg4 Qe5 23.Qc2 Rxf1+ 24.Rxf1 Rf8 25.Rxf8+ Bxf8 26.g3 Qc5+ 27.Qxc5
Bxc5+ 28.Kf1 Bd4 29.b3 c5 30.Ke2 Kg8 31.Kd3 Kf7 32.Kc4 Ke6 33.Kb5 Kd6 34.
Ka6 Kc7 35.Kxa7 c4+ 36.Ka6 cxb3 37.axb3 Bg1 38.h4 Bf2 39.b4 Bxg3 40.h5 Bf2
41.Kb5 1/2-1/2

[Event "14th EUR-ch"]
[Site "Minsk BLR"]
[Date "2017.06.02"]
[Round "4.75"]
[White "Mindlin, Alon"]
[Black "Svetushkin, Dmitry"]
[Result "1/2-1/2"]
[WhiteElo "2436"]
[BlackElo "2573"]
[EventDate "2017.05.30"]
[PlyCount "49"]

1.Nf3 Nf6 2.c4 e6 3.d4 Bb4+ 4.Nc3 b6 5.e3 O-O 6.Bd3 c5 7.O-O Bxc3 8.bxc3 
Nc6 9.Bb2 d6 10.Nd2 e5 11.e4 Ne7 12.f4 exf4 13.Rxf4 Ng6 14.Rf1 Re8 15.Qf3 
Bb7 16.Rae1 Re6 17.Re3 Qe7 18.Rfe1 Re8 19.Bc1 d5 20.Qf1 Ng4 21.R3e2 dxc4 
22.Bxc4 Rf6 23.Nf3 cxd4 24.Bg5 Rxf3 25.Qxf3 1/2-1/2

[Event "14th EUR-ch"]
[Site "Minsk BLR"]
[Date "2017.06.02"]
[Round "4.76"]
[White "Deac, Bogdan-Daniel"]
[Black "Bakalchuk, Johnatan"]
[Result "1-0"]
[WhiteElo "2572"]
[BlackElo "2391"]
[EventDate "2017.05.30"]
[PlyCount "91"]

1.e4 c5 2.Nf3 g6 3.d4 cxd4 4.Qxd4 Nf6 5.Nc3 Nc6 6.Qa4 d6 7.e5 dxe5 8.Nxe5 
Bg7 9.Bb5 O-O 10.Nxc6 bxc6 11.Bxc6 Bd7 12.O-O Rc8 13.Bxd7 Qxd7 14.Qa6 Rb8 
15.Rd1 Qf5 16.Qe2 e6 17.h3 Rfc8 18.Rd3 Rb7 19.Nd1 Nd7 20.Ne3 Qb5 21.Qd1 
Qc6 22.c3 h5 23.Nc4 Qxc4 24.Rxd7 Rxd7 25.Qxd7 a5 26.a4 Rb8 27.Qa7 Be5 28.
Qxa5 Qe4 29.Be3 Rxb2 30.Rd1 Rb1 31.Qd8+ Kh7 32.g3 Bxg3 33.Rxb1 Qxb1+ 34.
Kg2 Be5 35.Qa8 g5 36.a5 g4 37.hxg4 hxg4 38.a6 g3 39.Qf3 gxf2 40.Qxf7+ Kh8 
41.Qf8+ Kh7 42.Qh6+ Kg8 43.Qxe6+ Kh7 44.Qh3+ Kg7 45.Qg4+ Kh7 46.Bxf2 1-0

[Event "14th EUR-ch"]
[Site "Minsk BLR"]
[Date "2017.06.02"]
[Round "4.77"]
[White "Bortnyk, Olexandr"]
[Black "Erenberg, Ariel"]
[Result "1-0"]
[WhiteElo "2567"]
[BlackElo "2370"]
[EventDate "2017.05.30"]
[PlyCount "79"]

1.e4 e5 2.Nf3 Nc6 3.d4 exd4 4.Nxd4 Bc5 5.Be3 Bb6 6.Nf5 Bxe3 7.Nxe3 Nge7 8.
Nc3 d6 9.Qh5 O-O 10.O-O-O f5 11.Bc4+ Kh8 12.f4 Bd7 13.Rhf1 fxe4 14.g4 Ng6 
15.f5 Nge5 16.Bd5 Nf3 17.Nxe4 Be8 18.Qh3 Ng5 19.Nxg5 Qxg5 20.Qg3 Bd7 21.h4
Qe7 22.Bb3 Qe5 23.Qf2 Qc5 24.Qf4 Rae8 25.Nd5 Ne7 26.Nc3 Nc6 27.h5 h6 28.
Qd2 a5 29.Nd5 Ne5 30.g5 a4 31.gxh6 axb3 32.axb3 Rf7 33.hxg7+ Kh7 34.f6 Ra8
35.c4 Ra1+ 36.Kc2 Rxd1 37.Kxd1 Bg4+ 38.Kc1 Nc6 39.Qc2+ Kg8 40.h6 1-0